000 00688nam a22002057a 4500
999 _c18526
_d18526
003 AR-CdUCM
008 190514b ||||| |||| 00| 0 spa d
040 _aMUNICIPALIDAD PROVINCIAL DEL CUSCO
_cBIBLIOTECA MUNICIPAL DEL CUSCO
082 _a869.551 /
_bSA22 / 1931
100 _aSanchez, Luis Alberto
_91008
245 _aDon Manuel :
_bVie de Manuel Gonzáles Prada /
260 _aParis :
_bEditions Excelsior,
_c1931.
300 _a318 paginas ;
_bIlustraciones, graficos, dibujos,
_c20 cm.
500 _aHistoria y literatura
650 _aHistoria
_9136
650 _aLiteratura
_983
700 _aMiomandre, Francis de
_939167
942 _2ddc
_cLIBROS
945 _apjha
_d2019-05-14